000 00630nam a2200217Ia 4500
003 OSt
005 20250902141257.0
008 220917b |||||||| |||| 00| 0 eng d
037 _cTB
040 _aARTS
_cARTS
_beng
041 _2eng
_aeng
084 _aT0aJ.25 L9
_qAL
100 _aChaudhri D.P.
_9139690
245 0 _aEducation innovations and agricultural development
_b A study of north study
260 _aNew Delhi
_bVikas
_c1979
300 _a127p
_ccm.
500 _aAppendix p85--125 (A--C)
650 _aEDUCATION
942 _hT0aJ.25 L9
_cTB
_2CC
_n0
999 _c271593
_d271593